Primate censusing in northern Colombia: a comparison of two techniques (Registro nro. 10220)

Detalles MARC
000 -CABECERA
Campo de control 007300000a22002170004500
090 ## - CLASIFICACIÓN LOCAL
Colección AR
Consecutivo 01134
041 0# - IDIOMA
Código de idioma para texto/pista de sonido o título separado
100 1# - ASIENTO PRINCIPAL--NOMBRE PERSONAL
Nombre personal Green, K. M.
245 10 - MENCION DE TITULO
Título Primate censusing in northern Colombia: a comparison of two techniques
650 14 - ASIENTO SECUNDARIO DE MATERIA - TERMINO TEMATICO
Término temático o nombre geográfico como elemento de entrada Censos de primates
650 14 - ASIENTO SECUNDARIO DE MATERIA - TERMINO TEMATICO
Término temático o nombre geográfico como elemento de entrada Densidad poblacional
650 14 - ASIENTO SECUNDARIO DE MATERIA - TERMINO TEMATICO
Término temático o nombre geográfico como elemento de entrada Técnicas de censos
651 #4 - ASIENTO SECUNDARIO DE MATERIA - NOMBRE GEOGRAFICO
-- Río Magdalena, Río Cauca
-- Colombia
653 ## - TERMINO DE INDIZACION - NO CONTROLADO
-- Alouatta
-- Alouatta seniculus
653 ## - TERMINO DE INDIZACION - NO CONTROLADO
-- Aotus
-- Aotus trivirgatus
653 ## - TERMINO DE INDIZACION - NO CONTROLADO
-- Ateles
-- Ateles belzebuth
653 ## - TERMINO DE INDIZACION - NO CONTROLADO
-- Cebus
-- Cebus albifrons
653 ## - TERMINO DE INDIZACION - NO CONTROLADO
-- Sauguinus
-- Sauguinus leucopus
773 1# - Item fuente:
Título Primates a Journal of Primatology
Especificación de materiales 423
Descripción física 3
Paginas del Articulo 537-550
Lugar, editorial y fecha de publicación 1978
Información sobre la relación 19
942 ## - ELEMENTOS ADICIONALES (KOHA)
Tipo de ítem Artículo
Existencias
Withdrawn status Lost status Damaged status No para préstamo Colección Ubicación Permanente Ubicación actual Fecha de adquisición Datos de publicación Seriada Total Checkouts Número topográfico Inventario / Código de Barras Date last seen Ejemplar Price effective from Forma de adquisición Tipo de material
      No para Préstamo Hemeroteca Bogotá Bogotá 27/02/2015 Fuera de circulación   AR 01134 011452 25/03/2015 1 25/03/2015   Artículo